Фильмы с Джонни Деппом - Армагеддон - Statistics

General Stats
  • This quiz has been taken 44 times
  • The average score is 10 of 25
Answers on the Grid
Answers color-coded by a green-red scale on the quiz's grid according to % correct below.
Нити
Взвод
Кобра
Эдвард-руки-ножницы
Из ада
Искупление
Козерог-1
Турист
Шоколад
Страх и ненависть в Лас-Вегасе
Апокалипсис
Кошмар на улице Вязов
Тайное окно
Бриолин
Реинкарнация
Аризонская мечта
Одинокий рейнджер
Костяной томагавк
Звёздные врата
Чарли и шоколадная фабрика
Ночь в музее 2
Эд Вуд
Мертвец
Ромовый дневник
Крикуны
Город лжи
Мрачные тени
Человек, который плакал
Кокаин
Девятые врата
Игрушечные солдатики
Плакса
Ужасающий
Донни Браско
Убийство в Восточном экспрессе
Разбирая Гарри
Мордекай
Что гложет Гилберта Грейпа
По воле божьей
В поисках Неверленда
 
Answer Stats
Answer % Correct
Чарли и шоколадная фабрика
91%
Эдвард-руки-ножницы
85%
Что гложет Гилберта Грейпа
56%
Страх и ненависть в Лас-Вегасе
53%
Кошмар на улице Вязов
53%
Одинокий рейнджер
50%
Турист
47%
Убийство в Восточном экспрессе
47%
Шоколад
44%
Кокаин
44%
Эд Вуд
41%
Девятые врата
41%
Донни Браско
41%
Мрачные тени
38%
Ромовый дневник
35%
Мордекай
35%
Из ада
32%
Тайное окно
32%
Мертвец
32%
Плакса
26%
Аризонская мечта
24%
В поисках Неверленда
21%
Город лжи
18%
Человек, который плакал
18%
Взвод
15%
No matching quizzes found
Score Distribution
Percent of People with Each Score
Percentile by Number Answered
Your Score History
You have not taken this quiz